Desnudo en el tejado
Guardat en:
| Autor principal: | |
|---|---|
| Format: | Llibre |
| Idioma: | espanyol |
| Publicat: |
Buenos Aires
Sudamericana
1969
|
| Matèries: | |
| Etiquetes: |
Afegir etiqueta
Sense etiquetes, Sigues el primer a etiquetar aquest registre!
|
MARC
| LEADER | 00000nam a2200000 a 4500 | ||
|---|---|---|---|
| 001 | UCQ6438 | ||
| 003 | CL-VaPUC | ||
| 008 | 981016e19690000AG |||||||||||||||||spa|d | ||
| 082 | 0 | 4 | |a Ch863 |b SKA |2 21 |
| 100 | 0 | |a Skármeta, Antonio |e author |9 420319 | |
| 245 | 1 | 0 | |a Desnudo en el tejado |
| 300 | |a 139 p | ||
| 942 | |c BK | ||
| 945 | |d 19981016 00:00:00 |a crobeson | ||
| 260 | |a Buenos Aires |b Sudamericana |c 1969 | ||
| 650 | 0 | |a Novelas chilenas |9 265425 | |
| 650 | 0 | |a Literatura chilena |9 308278 | |
| 583 | |a last modification |c 19981016 00:00:00 |k Rodrigo Vera | ||
| 999 | |c 276395 |d 276393 | ||
| 952 | |0 0 |1 0 |4 0 |6 CH_863_000000000000000_SKA_1969 |7 0 |8 A |9 313603 |a BIBEDU |b BIBEDU |d 2019-11-20 |i 1481614 |o Ch863 SKA 1969 |p 1481614 |r 2019-11-20 |w 2019-11-20 |y BK |k LIT | ||